<?xml version="1.0" encoding="UTF-8"?><?xml-stylesheet type="text/xsl" href="static/style.xsl"?><OAI-PMH xmlns="http://www.openarchives.org/OAI/2.0/" xmlns:xsi="http://www.w3.org/2001/XMLSchema-instance" xsi:schemaLocation="http://www.openarchives.org/OAI/2.0/ http://www.openarchives.org/OAI/2.0/OAI-PMH.xsd"><responseDate>2026-04-13T16:49:20Z</responseDate><request verb="GetRecord" identifier="oai:www.recercat.cat:2117/189008" metadataPrefix="marc">https://recercat.cat/oai/request</request><GetRecord><record><header><identifier>oai:recercat.cat:2117/189008</identifier><datestamp>2025-07-16T22:29:31Z</datestamp><setSpec>com_2072_1033</setSpec><setSpec>col_2072_452949</setSpec></header><metadata><record xmlns="http://www.loc.gov/MARC21/slim" xmlns:dcterms="http://purl.org/dc/terms/" xmlns:xsi="http://www.w3.org/2001/XMLSchema-instance" xmlns:doc="http://www.lyncode.com/xoai" xsi:schemaLocation="http://www.loc.gov/MARC21/slim http://www.loc.gov/standards/marcxml/schema/MARC21slim.xsd">
   <leader>00925njm 22002777a 4500</leader>
   <datafield ind2=" " ind1=" " tag="042">
      <subfield code="a">dc</subfield>
   </datafield>
   <datafield ind2=" " ind1=" " tag="720">
      <subfield code="a">Balboa-Usabiaga, F.</subfield>
      <subfield code="e">author</subfield>
   </datafield>
   <datafield ind2=" " ind1=" " tag="720">
      <subfield code="a">Delgado-Buscalioni, R.</subfield>
      <subfield code="e">author</subfield>
   </datafield>
   <datafield ind2=" " ind1=" " tag="260">
      <subfield code="c">2011</subfield>
   </datafield>
   <datafield ind2=" " ind1=" " tag="520">
      <subfield code="a">A method for particle hydrodynamics based on an hybrid Eulerian-Lagrangian approach is presented. Particles are solved in the continuum space while the fluid is solved in an Eulerian mesh, and described by finite volume fluctuating hydrodynamics. This set-up is particulary suited for micron-size devices where the Reynolds number is small but thermal fluctuations are important. The fluid-particle coupling force is obtained by imposing zero relative (particle-fluid) velocity at discrete points representing the particle sites. In this work particles are described by an only site which neglect rotation. The momentum exchanged between fluid and particle is transfered instantaneously and this brings about several benefits such as a correct treatment of inertia and proper particle velocity fluctuations uniquely driven by the fluid thermal forces. The present scheme is designed for incompressible and compressible fluids at low Mach number. This is theoretically shown by analyzing the consistency between the Eulerian and Lagrangian momentum balance.A series of tests up to moderate Reynolds number and acoustic forces under ultrasound waves are also presented.&#xd;
1 INTRODUCTION</subfield>
   </datafield>
   <datafield tag="653" ind2=" " ind1=" ">
      <subfield code="a">Àrees temàtiques de la UPC::Matemàtiques i estadística::Anàlisi numèrica::Mètodes en elements finits</subfield>
   </datafield>
   <datafield tag="653" ind2=" " ind1=" ">
      <subfield code="a">Finite element method</subfield>
   </datafield>
   <datafield tag="653" ind2=" " ind1=" ">
      <subfield code="a">Computational methods in mechanics</subfield>
   </datafield>
   <datafield tag="653" ind2=" " ind1=" ">
      <subfield code="a">Particle methods (Numerical analysis)</subfield>
   </datafield>
   <datafield tag="653" ind2=" " ind1=" ">
      <subfield code="a">particle hydrodynamics, Eulerian-Lagrangian method, fluctuating hydrodynamics</subfield>
   </datafield>
   <datafield tag="653" ind2=" " ind1=" ">
      <subfield code="a">Elements finits, Mètode dels</subfield>
   </datafield>
   <datafield ind2="0" ind1="0" tag="245">
      <subfield code="a">Particle hydrodynamics: from molecular to colloidal fluids</subfield>
   </datafield>
</record></metadata></record></GetRecord></OAI-PMH>